MDQL
is popping MORE tags! Check the
thread
!
Quizzes
Events
Quiz Creation
Community
Videos
Private Events
Remove Ads
Sign In
Join for FREE
Feedback
Dark Mode
Quiz Categories
Sports
Geography
Music
Movies
Television
Just For Fun
Miscellaneous
History
Literature
Language
Science
Gaming
Entertainment
Religion
Holiday
For Kids
Quiz Lab
Recent
Popular Today
Quiz Kudos Today
Editor Picks
Curator Picks
Quizzes by...
Day
Popularity
Type
Ratings
Length
Year
Community
Subscriptions
Recent Discussions
Orange Saloon
Badges
Playlists
Quests
Create
Leaderboards
Showdown
Live 5
Trivia Bingo
Activity
Puzzle Library
Sporcle Events
Private Events
Virtual Trivia
Globe League
Become a Host
Pub Owners
SporcleCon
Opinionation
Our Games
Videos
Blog
Mobile Apps
Partnerships
Remove Ads and Go Orange
Feedback
Entertainment
Celebrity
Famous
Musical
Broadway
Show
Quote
Comic Books
Anime
Superhero
DC Comics
Marvel
Cartoons
Animation
Entertainment
Celebrity
Famous
Musical
Broadway
Show
Quote
Comic Books
Anime
Superhero
DC Comics
Marvel
Cartoons
Animation
Random Quiz
Search Sporcle
×
Quiz Lab
Quiz Lab
Entertainment
Youtube
Type in answers that appear in a list
Type in answers that appear in a list
Classic
Best Score? Go Orange.
How well do you know Shane Dawson? Stats
Can you name the How well do you know Shane Dawson??
By
MrsDawson
10m
14 Questions
1,342 Plays
1,342 Plays
1,342 Plays
Comments
Comments
Give Quiz Kudos
Give Quiz Kudos
-
- Ratings
hide this ad
Replay
Link that replays current quiz
Next Quiz
Link to next quiz in quiz playlist
You Got
0%
They Got
Avg Score
47%
Avg Friend Score
Upgrade to see
Score Distribution
Jump to the score distribution portion of the page
Score
0/14
Timer
10:00
0
Plays Today
Question
Answer
% Correct
How many brothers does he have?
two
85.3%
How many pets does he have?
five
64.9%
What color are his eyes?
Brown
61%
What days are Ask Shanes?
Monday
60.4%
What is one of his girl characters names?
Paris, Aunt Hilda, Mom, and Shanaynay
59.5%
What is one of his guy characters names?
Ned and S Deezy
56.9%
How old is he?
23
53.4%
Question
Answer
% Correct
What is his real last name?
Yaw
46.4%
Where did he work?
Jenny Craig
42.2%
What is his favorite movie?
Titanic
35.2%
What puppet is inlove with Shane?
Milly
33.5%
What youtuber did Shane have to kiss at Vidcon 2011?
Onision
27%
When is his birthday?
July 19th
20.6%
What other youtuber is in a lot of his videos?
Brittani Louise Taylor
14.3%
Quiz Playlist
Details
Report
Send in Message
Add To Playlist
Classic:
Type in answers that appear in a list
Last Updated: Feb 16, 2017
Quiz Scoreboard
CHALLENGE
Sign Up to Join the Scoreboard
Show All
Scores
Hide
Comments
May contain spoilers
Recently Published
5x2 Blitz: Bands
by SL_Kpop136
Music
30s
Colored Red Africa Blitz
by spor1
Geography
30s
Find the 'City' Movie
by crazypaving
Movies
60s
More to Explore
Quiz From the Vault
Featured Blog Post
14 Easter Pick-up Lines to Find Eggs With
hide this ad
You Might Also Like...
Tags
shane
Youtube
Today's Top Quizzes in Entertainment
Browse Entertainment
hide this ad
Today's Top Quizzes in Youtube
Browse Youtube
Top Contributed Quizzes in Entertainment
1
Dragon Ball Z: Goku's Fights in Order
2
Marvel Classic Character Map
3
Marvel Characters Bunker
4
JoJo's Bizarre Logic Quiz
5
This is Your Life: Edward Elric
6
BOYS PLANET Quiz
7
Celebrity Spelling Bee
8
This is Your Life: Itachi Uchiha
9
One Piece Heroines Chapter Cover
10
Survivor Winners Logic Quiz
Explore More
Trending Topics
Crossword
Marvel
Harry Potter
Disney
Anime
NBA
Kpop
Song
WWE
NFL
Pokémon
Puzzle
Country
The Office
Soccer
hide this ad
More By:
MrsDawson
Quiz
Plays
Rating
Category
Featured
Created
How well do you know Shane Dawson?
1,342
1.29
Entertainment
Aug 26, 2011
Go to Creator's Profile
Score Distribution
Quiz Creator Spotlight
MrsDawson
Follow
Send a Message
Quizzes Created
-
Created Quiz Play Count
-
More By This Creator
Popular Quizzes Today
1
Colored Red Africa Blitz
2
Find the US States - No Outlines Minefield
3
Find the 'City' Movie
4
5x2 Blitz: Bands
5
The Countries of the World
6
Find the US States
7
US States
8
Find the Countries of Europe - No Outlines Minefield
More Entertainment Quizzes
Famous John in Every Category
Editor's Pick
Trending Quizzes
Colored Red Europe Blitz I
Colored Red Europe Blitz II
Colored Red Africa Blitz II
Colored Red Europe Blitz III
Colored Red Africa Blitz III
Recently Updated
How Do You Spell That?
pecheneg
Godzilla Movies
pecheneg
Grab Bag: 4-10 Letters
pecheneg
2024 March Madness Bracket
pecheneg
Famous TV Couples
Peacemaker
Champions League XIs: Real Madrid
pecheneg
Largest US Cities 1790-2010
pecheneg
Rides in Walt Disney World
pecheneg
Most Oscar Losses (Acting)
pecheneg
Beyoncé Albums
pecheneg
Trending Topics
Marvel
Anime
Crossword
Harry Potter
Kpop
NBA
Disney
Pokémon
Soccer
Country
WWE
NFL
Song
Puzzle
The Office
Your Account Isn't Verified!
In order to create a playlist on Sporcle, you need to verify the email address you used during registration. Go to your
Sporcle Settings
to finish the process.
Report this User
Report this user for behavior that violates our
Community Guidelines
.
Details:
Send Report
Go to the Sporcle.com Mobile Site →
Comments